Statistics for Arsenal - Players to have scored - 2003/04 - 2014/15

Click here to take the quiz!

General Stats

  • This quiz has been taken 2,971 times
  • The average score is 45 of 76

Answer Stats

PositionNationalityAnswer% Correct
FWFranceThierry Henry
95%
FWChileAlexis Sanchez
94%
MDGermanyMesut Özil
91%
MDWalesAaron Ramsey
90%
DFIvory CoastKolo Touré
90%
FWNetherlandsRobin Van Persie
90%
FWFranceOlivier Giroud
86%
FWNetherlandsDennis Bergkamp
85%
FWTogoEmmanuel Adebayor
85%
FWEnglandTheo Walcott
85%
MDRussiaAndrey Arshavin
83%
MDCzech RepublicTomas Rosicky
82%
MDSpainCesc Fabregas
81%
DFGermanyPer Mertesacker
81%
MDFranceRobert Pirès
81%
DFEnglandSol Campbell
81%
DFFranceLaurent Koscielny
80%
MDBrazilGilberto Silva
78%
DFEnglandAshley Cole
77%
MDEnglandJack Wilshere
77%
MDSpainSanti Cazorla
77%
FWDenmarkNicklas Bendtner
76%
FWGermanyLukas Podolski
74%
MDSwedenFredrik Ljungberg
73%
MDBrazilEdu
70%
DFFranceBacary Sagna
69%
DFCameroonLauren
69%
MDFrancePatrick Vieira
69%
DFSpainHéctor Bellerin
68%
FWMoroccoMarouane Chamakh
68%
MDBelarusAleksandr Hleb
67%
DFFranceGaël Clichy
67%
DFSpainNacho Monreal
66%
FWNigeriaNwanko Kanu
66%
DFSwitzerlandPhilippe Senderos
66%
MDIsraëlYossi Benayoun
66%
MDCameroonAlex Song
65%
DFBelgiumThomas Vermaelen
65%
FWMexicoCarlos Vela
64%
FWEnglandDanny Welbeck
63%
DFIvory CoastEmmanuel Eboué
63%
DFEnglandKieran Gibbs
63%
FWSouth KoreaChu-Young Park
62%
FWIvory CoastGervinho
61%
FWSpainJosé Antonio Reyes
61%
MDEnglandAlex Oxlade-Chamberlain
60%
DFSwitzerlandJohan Djourou
60%
MDSpainMikel Arteta
60%
MDFranceSamir Nasri
60%
FWCroatiaEduardo
59%
FWFranceSylvain Wiltord
54%
DFFranceWilliam Gallas
54%
MDFranceMathieu Flamini
53%
DFEnglandCalum Chambers
49%
MDFranceAbou Diaby
48%
MDBrazilDenilson
48%
DFBrazilAndré Santos
46%
FWFranceYaya Sanogo
45%
DFFranceMathieu Debuchy
43%
MDGermanySerge Gnabry
41%
DFEnglandCarl Jenkinson
39%
DFFrancePascal Cygan
39%
DFFranceSébastien Squillaci
39%
FWBrazilJulio Baptista
36%
DFFranceMikaël Silvestre
31%
FWFranceJérémie Aliadière
29%
DFTrinidad and TobagoJustin Hoyte
28%
MDSpainFran Mérida
22%
MDEnglandDavid Bentley
20%
FWItalyArturo Lupoli
19%
DFSpainIgnasi Miquel
18%
MDEnglandHenri Lansbury
13%
MDGermanyThomas Eisfeld
13%
MDGhanaQuincy Owusu-Abeyie
11%
FWEnglandJay Simpson
7%
FWEnglandSanchez Watt
7%

Score Distribution

Percentile by Number Answered

Percent of People with Each Score

Your Score History

You have not taken this quiz